Moderní radiotechnika

Guardado en:
Detalles Bibliográficos
Autores principales: Dobeš, Josef (Autor), Žalud, Václav (Autor)
Formato: Libro
Lenguaje:checo
Publicado: Praha : BEN - technická literatura, 2006
Edición:1. vydanie
Materias:
Etiquetas: Agregar Etiqueta
Sin Etiquetas, Sea el primero en etiquetar este registro!

MARC

LEADER 00000nam a22000003a 4500
001 stu139804
005 20240827142415.7
008 070410s2006----xr------------------cze-d
020 |a 80-7300-132-2 
040 |a STU  |b slo 
041 0 |a cze 
044 |a xr 
080 |a 621.396 
100 1 |a Dobeš, Josef  |4 aut 
245 1 |a Moderní radiotechnika 
250 |a 1. vydanie 
260 |a Praha :  |b BEN - technická literatura,  |c 2006 
300 |a 767 s. 
650 7 |a rádiotechnika  |2 stusub 
700 1 |a Žalud, Václav  |4 aut 
996 |b 284EK87770  |c E*87770  |l EE11  |s P  |a 0  |w stu139804_0002 
996 |b 284EK86987  |c E*86987  |l EE12  |s P  |a 0  |w stu139804_0003 
996 |b 284EK86840  |c E*86840  |l EE01  |s A  |a 24  |w stu139804_0004 
996 |b 284EK90789  |c E*90789  |l EE0101  |s P  |a 0  |w stu139804_0006